000 00538nam a2200181Ia 4500
008 090124s9999 xx 000 0 und d
082 _b108739
100 _aप्रेमी हरिकृष्ण
245 _a रक्षा - बंधन
250 _a23
260 _c1961
300 _a112
600 _aप्रेमी हरिकृष्ण
630 _a रक्षा - बंधन
700 _aप्रेमी हरिकृष्ण
730 _a रक्षा - बंधन
942 _cBOOK
999 _c154830
_d154830